| 000 | 00464nam a2200169Ia 4500 | ||
|---|---|---|---|
| 008 | 230917s9999||||xx |||||||||||||| ||und|| | ||
| 020 | _cUSD 8.95 (RS 672.32) | ||
| 040 |
_e5010792 _aMAIN |
||
| 041 | _aEnglish | ||
| 082 | _a641.83 D988P | ||
| 100 | _aDyer, Ceil | ||
| 245 | 0 | _aPasta and other special salads | |
| 260 |
_aNew York _bSimon and Schuster, Inc. _c1987 |
||
| 300 | _a194 p. | ||
| 500 | _a4084 29/09/2021 HBD21/8863 11/10/2021 IHTM (SFS) | ||
| 942 | _cBK | ||
| 999 |
_c2404 _d2404 |
||